| 000 | 01740cam a22004694i 4500 | ||
|---|---|---|---|
| 003 | PE-LiUPU | ||
| 005 | 20250731173257.0 | ||
| 008 | 150625s1993 tnu rb 000 0 eng d | ||
| 020 | _a0687301440 | ||
| 035 | _a(Sirsi) i9780687301447 | ||
| 040 |
_aPE-LiUPU _bspa _cPE-LiUPU _erda |
||
| 049 | _aPRUA | ||
| 082 | 0 | 4 |
_a248.892 _bS31 _221 |
| 100 | 1 |
_aSchnase, Robert, _eautor. |
|
| 245 | 1 | 0 |
_aAmbition in Ministry : _bour spiritual struggle with success, achievement, and competition / _cRobert Schnase. |
| 264 | 1 |
_aNashville, TN : _bAbingdon Press, _c1993. |
|
| 300 |
_a128 páginas ; _c22 centímetros |
||
| 336 |
_atext _2rdacontent |
||
| 337 |
_aunmediated _2rdamedia |
||
| 338 |
_avolume _2rdacarrier |
||
| 504 | _aIncluye bibliografía. | ||
| 505 | 0 | _aAchievement and appetite -- Individualism and competition -- Ardent desires and deadly appetites -- Bodies and bucks -- Influence peddlers and mathematical magicians -- Accountable and complete. | |
| 526 | _aSEG42 | ||
| 526 | _aSEG41 | ||
| 526 | _aSEG40 | ||
| 526 | _aSEG39 | ||
| 526 | _aP94 | ||
| 526 | _aP87 | ||
| 526 | _aP86 | ||
| 526 | _aP85 | ||
| 526 | _aP77 | ||
| 526 | _aP76 | ||
| 526 | _aP35 | ||
| 541 | _g002-000373; | ||
| 650 | 1 | 4 |
_aClero _xAspectos psicológicos. |
| 650 | 2 | 4 |
_aClero _xVida religiosa. |
| 942 |
_2ddc _cBOOK |
||
| 949 |
_a248.892 S31 _wDEWEY _c1 _i53781 _lCCODEBUL1 _mBUL _p17.00 _r0 _sY _tBOOK _u2015-6-25 _xTEOLOGIA _zUNKNOWN _0COMPRA _o.STAFF. Colección Teología |
||
| 994 |
_aC0 _bPEPRU |
||
| 596 | _a1 | ||
| 999 |
_a248.892 S31 _wDEWEY _c43889 _i53781 _f2021-11-10 _g5 _lCCODEBUL1 _mBUL _p17.00 _r0 _sY _tBOOK _u2015-6-25 _xTEOLOGIA _PP35 _0COMPRA _o.STAFF. Colección Teología _d43889 |
||
| 980 |
_81 _gALBERTO SANCHEZ Responsable de Automatización |
||